Dr. Disaster's guide to surviving everything : (Record no. 366433)
[ view plain ]
| 000 -LEADER | |
|---|---|
| fixed length control field | 01002nam a22002177a 4500 |
| 003 - CONTROL NUMBER IDENTIFIER | |
| control field | 0 |
| 005 - DATE AND TIME OF LATEST TRANSACTION | |
| control field | 20241002094442.0 |
| 008 - FIXED-LENGTH DATA ELEMENTS--GENERAL INFORMATION | |
| fixed length control field | 241002b xxu||||| |||| 00| 0 eng d |
| 020 ## - INTERNATIONAL STANDARD BOOK NUMBER | |
| International Standard Book Number | 9780358721628 |
| 050 ## - LIBRARY OF CONGRESS CALL NUMBER | |
| Classification number | RC 87 |
| Item number | .T693 2021 |
| 100 ## - MAIN ENTRY--PERSONAL NAME | |
| Personal name | Torres, John E., |
| Relator term | author. |
| 245 ## - TITLE STATEMENT | |
| Title | Dr. Disaster's guide to surviving everything : |
| Remainder of title | essential advice for any situation life throws your way / |
| Statement of responsibility, etc | John E. Torres. |
| 260 ## - PUBLICATION, DISTRIBUTION, ETC. (IMPRINT) | |
| Place of publication, distribution, etc | New York, NY : |
| Name of publisher, distributor, etc | HarperCollins Publishers, |
| Date of publication, distribution, etc | 2021. |
| 300 ## - PHYSICAL DESCRIPTION | |
| Extent | 240 p. : |
| Other physical details | ill. ; |
| Dimensions | 21 cm. |
| 504 ## - BIBLIOGRAPHY, ETC. NOTE | |
| Bibliography, etc | Includes bibliographical references and index. |
| 520 ## - SUMMARY, ETC. | |
| Summary, etc | "A practical, all-encompassing guide to disaster preparedness-from avalanches and blackouts to pandemics and wildfires-from NBC News senior medical correspondent and emergency medicine physician Dr. John Torres"-- Provided by publisher. |
| 650 ## - SUBJECT ADDED ENTRY--TOPICAL TERM | |
| Topical term or geographic name as entry element | First aid in illness and injury |
| Form subdivision | Popular works. |
| 650 ## - SUBJECT ADDED ENTRY--TOPICAL TERM | |
| Topical term or geographic name as entry element | Emergency management |
| Form subdivision | Popular works. |
| 650 ## - SUBJECT ADDED ENTRY--TOPICAL TERM | |
| Topical term or geographic name as entry element | Survival |
| Form subdivision | Popular works. |
| 942 ## - ADDED ENTRY ELEMENTS (KOHA) | |
| Source of classification or shelving scheme | Library of Congress Classification |
| Koha item type | Books |
| Withdrawn status | Lost status | Source of classification or shelving scheme | Damaged status | Home library | Current library | Shelving location | Date acquired | Source of acquisition | Sub Shelving location | Total Checkouts | Full call number | Barcode | Date last seen | Date checked out | Price effective from | Koha item type |
|---|---|---|---|---|---|---|---|---|---|---|---|---|---|---|---|---|
| Library of Congress Classification | Luxembourg Library | Luxembourg Library | High School Section | 10/02/2024 | Library Fund | 1 | RC 87 .T693 2021 | 21242 | 05/07/2025 | 03/26/2025 | 10/02/2024 | Books |